000
00335 a2200145 4500
005
20250610093444.0
020
_a
978-1-84480-945-5
082
_a
657.42 LUC
100
_a
LUCEY T.
245
_a
Costing
250
_a
7th Ed.
260
_a
New Dehli
_b
South-Western
_c
2009
300
_a
xiii,578p.;table
_b
Index
_c
24cm
942
_2
ddc
_c
BKS
999
_c
3352
_d
3352